[Event "Moscow op-E"]
[Site "Moscow"]
[Date "2011.02.03"]
[Round "6.166"]
[White "Nikitenko, Mihail"]
[Black "Radomsky, Viacheslav G"]
[Result "1-0"]
[WhiteElo "1953"]
[BlackElo "2179"]
[PlyCount "99"]
[EventDate "2011.01.29"]
[EventType "swiss"]
[EventRounds "9"]
[EventCountry "RUS"]
[SourceTitle "EXT 2022"]
[Source "ChessBase"]
[SourceDate "2021.10.06"]
[SourceVersion "1"]
[SourceVersionDate "2021.10.06"]
[SourceQuality "1"]

1. e4 c5 2. Nf3 d6 3. d4 cxd4 4. Nxd4 Nf6 5. Nc3 a6 6. Bg5 e6 7. f4 Nbd7 8. Qf3 Qc7 9. 0-0-0 b5 10. Bd3 Qb6 11. Nb3 Bb7 12. Kb1 Rc8 13. Rhe1 Be7 14. g4 h6 15. Bh4 Rxc3 16. bxc3 Nxe4 17. Bxe4 Bxe4 18. Rxe4 Bxh4 19. Qd3 Be7 20. g5 hxg5 21. fxg5 d5 22. Re2 g6 23. Rf1 Rh7 24. Qf3 Qd6 25. h4 Nb6 26. Kc1 Nc4 27. Kd1 b4 28. cxb4 Qxb4 29. c3 Qa3 30. Qf4 Qd6 31. Qf2 e5 32. Nd2 Nb6 33. Nf3 e4 34. Nd4 Nc4 35. Nc2 Nb2+ 36. Kd2 Nd3 37. Qa7 Rxh4 38. Qa8+ Bd8 39. Rf6 Qd7 40. Nd4 Ne5 41. Rxa6 Kf8 42. Ra7 Qe8 43. Qxd5 Bxg5+ 44. Kc2 Kg7 45. Ne6+ Kf6 46. Rf2+ Nf3 47. Qxg5+ Kxe6 48. Ra6+ Kd7 49. Qd5+ Ke7 50. Qd6# 1-0

[Event "Moscow op-E"]
[Site "Moscow"]
[Date "2011.02.01"]
[Round "4.59"]
[White "Radomsky, Viacheslav G"]
[Black "Goganov, Aleksey"]
[Result "0-1"]
[WhiteElo "2179"]
[BlackElo "2471"]
[PlyCount "112"]
[EventDate "2011.01.29"]
[EventType "swiss"]
[EventRounds "9"]
[EventCountry "RUS"]
[SourceTitle "EXT 2022"]
[Source "ChessBase"]
[SourceDate "2021.10.06"]
[SourceVersion "1"]
[SourceVersionDate "2021.10.06"]
[SourceQuality "1"]

1. e4 e6 2. d4 d5 3. e5 c5 4. c3 Qb6 5. Nf3 Nc6 6. a3 Nh6 7. b4 cxd4 8. Bxh6 gxh6 9. cxd4 Bd7 10. Ra2 Bg7 11. Nc3 Qd8 12. Nb5 0-0 13. Nd6 Rb8 14. b5 Qa5+ 15. Qd2 Qxd2+ 16. Rxd2 Na5 17. Rb2 Rfd8 18. h4 Bf8 19. Rh3 Bxd6 20. Rg3+ Kh8 21. exd6 f6 22. Nd2 Rbc8 23. Kd1 Be8 24. Re3 Bh5+ 25. f3 Rxd6 26. Rc2 Rxc2 27. Kxc2 Kg7 28. Kc3 Bf7 29. Kb4 b6 30. Rc3 Rd7 31. f4 Re7 32. Nf3 Bh5 33. Be2 Nb7 34. Rc6 Bg4 35. a4 Na5 36. Rc3 h5 37. Rc2 Kg6 38. g3 Kh6 39. Rc3 Rg7 40. Re3 Rc7 41. Rc3 Rxc3 42. Kxc3 Nb7 43. Ng1 Nd6 44. Bxg4 hxg4 45. Ne2 Kg6 46. Kd3 Nf5 47. Kd2 Kf7 48. Kc3 Ke7 49. Kb4 Kd6 50. a5 e5 51. dxe5+ fxe5 52. fxe5+ Kxe5 53. axb6 axb6 54. Nc3 Nxg3 55. Na4 Ne4 56. Nxb6 g3 0-1

[Event "Wch Seniors 20th"]
[Site "Arco"]
[Date "2010.10.29"]
[Round "4"]
[White "Shvedchikov, Anatoli I"]
[Black "Radomsky, Viacheslav G"]
[Result "1-0"]
[WhiteElo "2421"]
[BlackElo "2166"]
[PlyCount "90"]
[EventDate "2010.10.26"]
[EventType "swiss"]
[EventRounds "11"]
[EventCountry "ITA"]
[SourceTitle "EXT 2011"]
[Source "ChessBase"]
[SourceDate "2010.11.26"]
[SourceVersion "1"]
[SourceVersionDate "2010.11.26"]
[SourceQuality "1"]

1. d4 d5 2. Nf3 Nf6 3. e3 c5 4. c3 Nc6 5. dxc5 a5 6. Bb5 g6 7. b4 Bg7 8. Bb2 0-0 9. a3 Qc7 10. Nbd2 Rd8 11. 0-0 Ne4 12. Qc2 Nxd2 13. Qxd2 e5 14. Be2 Bg4 15. h3 Be6 16. Rfd1 h6 17. Qe1 Kh7 18. c4 dxc4 19. Qc3 axb4 20. axb4 Rxa1 21. Rxa1 b5 22. cxb6 Qxb6 23. Bxc4 Bxc4 24. Qxc4 Qxb4 25. Qxb4 Nxb4 26. Bxe5 Nc6 27. Bxg7 Kxg7 28. g4 Rd5 29. Kg2 Rc5 30. Rb1 Kf6 31. Rb6 Ke7 32. Rb7+ Ke6 33. Rc7 Rc2 34. g5 h5 35. Kg3 Rc4 36. Nd4+ Kd6 37. Rxf7 Nxd4 38. exd4 Rxd4 39. Rf6+ Ke5 40. f4+ Ke4 41. Re6+ Kd5 42. Rxg6 Rd3+ 43. Kh4 Ke4 44. Rf6 Ra3 45. g6 Kd5 1-0

[Event "Moscow op-B"]
[Site "Moscow"]
[Date "2010.02.07"]
[Round "9.29"]
[White "Budin, Viktor S"]
[Black "Radomsky, Viacheslav G"]
[Result "1-0"]
[WhiteElo "2042"]
[BlackElo "2221"]
[PlyCount "89"]
[EventDate "2010.01.30"]
[EventType "swiss"]
[EventRounds "9"]
[EventCountry "RUS"]
[SourceTitle "EXT 2023"]
[Source "ChessBase"]
[SourceDate "2022.10.05"]
[SourceVersion "1"]
[SourceVersionDate "2022.10.05"]
[SourceQuality "1"]

1. d4 d5 2. c4 c6 3. Nc3 Nf6 4. Nf3 e6 5. cxd5 exd5 6. Qc2 Bd6 7. Bg5 Nbd7 8. e3 0-0 9. Bd3 h6 10. Bh4 Re8 11. 0-0 Be7 12. Bg3 Nh5 13. Nxd5 Nxg3 14. Nxe7+ Qxe7 15. hxg3 Nf6 16. Qc5 Qxc5 17. dxc5 Be6 18. Nd4 Bd5 19. Nf5 Ne4 20. b4 g6 21. Nd4 a5 22. Bxe4 Bxe4 23. a3 f5 24. Rfc1 axb4 25. axb4 Bd3 26. Nb3 Red8 27. Rxa8 Rxa8 28. Na5 Ba6 29. Rd1 Rf8 30. Rd4 Kg7 31. g4 fxg4 32. Rxg4 Rd8 33. Rd4 Rxd4 34. exd4 Kf6 35. f3 h5 36. Kf2 g5 37. Nb3 Ke6 38. g4 hxg4 39. fxg4 Kd5 40. Ke3 Bf1 41. Nd2 Bg2 42. Kd3 Bh3 43. Ne4 Bxg4 44. Nf6+ Ke6 45. Nxg4 1-0

[Event "RUS-ch Seniors"]
[Site "Lesnoj Gorodok"]
[Date "2009.10.06"]
[Round "4"]
[White "Dmitriev, Igor"]
[Black "Radomsky, Viacheslav G"]
[Result "1-0"]
[WhiteElo "2348"]
[BlackElo "2202"]
[PlyCount "111"]
[EventDate "2009.10.03"]
[EventType "swiss"]
[EventRounds "9"]
[EventCountry "RUS"]
[SourceTitle "CBM 132 Extra"]
[Source "ChessBase"]
[SourceDate "2009.11.03"]
[SourceVersion "1"]
[SourceVersionDate "2009.11.03"]
[SourceQuality "1"]

1. g3 e5 2. c3 d5 3. d4 e4 4. Nh3 Nf6 5. Bg2 Bd6 6. Na3 c6 7. Nc2 0-0 8. 0-0 Re8 9. f3 exf3 10. exf3 Nbd7 11. Bf4 Nf8 12. Bxd6 Qxd6 13. Qd2 Bd7 14. Nf4 Re7 15. Nd3 Ng6 16. Nc5 Bc8 17. Rfe1 b6 18. Rxe7 Nxe7 19. Nd3 Be6 20. Re1 Re8 21. Re2 Kf8 22. Kf2 Ng6 23. Ne5 Bf5 24. Ne3 Bc8 25. Nxg6+ hxg6 26. Re1 Re7 27. Nc2 a5 28. Rxe7 Kxe7 29. Bf1 Bf5 30. Ne3 Be6 31. Bd3 c5 32. Bc2 c4 33. a4 Qb8 34. Qc1 b5 35. axb5 Qxb5 36. Qa1 Ne8 37. Ba4 Qb6 38. Qa3+ Nd6 39. h4 Kd8 40. g4 Kc7 41. Kg3 Nc8 42. f4 Qd6 43. Qa2 Ne7 44. Be8 Qb6 45. Qa3 Kd8 46. Ba4 Qc7 47. Kf3 f6 48. Bc2 Bf7 49. g5 Be6 50. Ba4 Kc8 51. Be8 Kb7 52. Qa4 Qb6 53. Bd7 Bf7 54. Qa3 Nc8 55. Bxc8+ Kxc8 56. Qf8+ 1-0

[Event "RUS-ch Seniors"]
[Site "Lesnoj Gorodok"]
[Date "2009.10.05"]
[Round "3"]
[White "Radomsky, Viacheslav G"]
[Black "Ostrovsky, Alexander"]
[Result "1/2-1/2"]
[WhiteElo "2202"]
[BlackElo "2372"]
[PlyCount "26"]
[EventDate "2009.10.03"]
[EventType "swiss"]
[EventRounds "9"]
[EventCountry "RUS"]
[SourceTitle "CBM 132 Extra"]
[Source "ChessBase"]
[SourceDate "2009.11.03"]
[SourceVersion "1"]
[SourceVersionDate "2009.11.03"]
[SourceQuality "1"]

1. d4 d5 2. Nf3 Nf6 3. c4 c6 4. e3 g6 5. Nc3 Bg7 6. Bd3 0-0 7. 0-0 Bg4 8. h3 Bxf3 9. Qxf3 e6 10. cxd5 cxd5 11. Bd2 Nc6 12. Rfc1 e5 13. dxe5 Nxe5 1/2-1/2

[Event "Moscow op-B"]
[Site "Moscow"]
[Date "2009.02.03"]
[Round "4"]
[White "Borisovsky, Viktor"]
[Black "Radomsky, Viacheslav G"]
[Result "0-1"]
[WhiteElo "2041"]
[BlackElo "2175"]
[PlyCount "56"]
[EventDate "2009.01.31"]
[EventType "swiss"]
[EventRounds "9"]
[EventCountry "RUS"]
[SourceTitle "EXT 2012"]
[Source "ChessBase"]
[SourceDate "2011.11.24"]
[SourceVersion "1"]
[SourceVersionDate "2011.11.24"]
[SourceQuality "1"]

1. d4 d5 2. c4 c6 3. Nf3 e6 4. Nc3 Nf6 5. e3 Nbd7 6. Bd3 dxc4 7. Bxc4 b5 8. Bd3 a6 9. 0-0 c5 10. e4 cxd4 11. Nxd4 Bb7 12. Bc2 b4 13. Na4 Be7 14. Re1 Rc8 15. e5 Nd5 16. Qh5 g6 17. Qh3 Rc4 18. Nxe6 fxe6 19. Bxg6+ hxg6 20. Qxh8+ Nf8 21. Bh6 Rh4 22. Rac1 Qa5 23. b3 Nf4 24. Nc5 Bxc5 25. Rxc5 Qxc5 26. Bxf8 Ne2+ 27. Kf1 Bxg2+ 28. Kxg2 Qd5+ 0-1

[Event "RUS-ch Seniors"]
[Site "Odintsovo"]
[Date "2008.10.02"]
[Round "1"]
[White "Pushkov, Nikolai"]
[Black "Radomsky, Viacheslav G"]
[Result "1-0"]
[WhiteElo "2514"]
[BlackElo "2194"]
[PlyCount "63"]
[EventDate "2008.10.02"]
[EventType "swiss"]
[EventRounds "9"]
[EventCountry "RUS"]
[SourceTitle "CBM 127 Extra"]
[Source "ChessBase"]
[SourceDate "2009.01.08"]
[SourceVersion "2"]
[SourceVersionDate "2009.01.28"]
[SourceQuality "1"]

1. d4 d5 2. c4 c6 3. Nc3 Nf6 4. e3 e6 5. Nf3 Nbd7 6. Bd3 dxc4 7. Bxc4 b5 8. Bd3 Bb7 9. 0-0 a6 10. e4 Be7 11. e5 Nd5 12. Ne4 c5 13. Bg5 0-0 14. dxc5 Bxg5 15. Nexg5 Nxe5 16. Bxh7+ Kh8 17. Be4 Nxf3+ 18. Nxf3 Rc8 19. Rc1 Qe7 20. c6 Ba8 21. Ne5 Nf6 22. Bf3 Rfd8 23. Qe2 Nd5 24. Rfd1 Rc7 25. a4 bxa4 26. Qxa6 Qb4 27. Bxd5 exd5 28. Nxf7+ Rxf7 29. c7 Rff8 30. cxd8Q Rxd8 31. Qe6 Qxb2 32. Rc8 1-0

[Event "Vladimir op-B"]
[Site "Vladimir"]
[Date "2008.08.16"]
[Round "5"]
[White "Smagin, Nikita"]
[Black "Radomsky, Viacheslav G"]
[Result "0-1"]
[WhiteElo "2021"]
[BlackElo "2213"]
[PlyCount "46"]
[EventDate "2008.08.12"]
[EventType "swiss"]
[EventRounds "10"]
[EventCountry "RUS"]
[SourceTitle "CBM 126 Extra"]
[Source "ChessBase"]
[SourceDate "2008.11.05"]
[SourceVersion "1"]
[SourceVersionDate "2008.11.05"]
[SourceQuality "1"]

1. e4 c5 2. Nf3 d6 3. Bb5+ Bd7 4. Bxd7+ Nxd7 5. 0-0 Ngf6 6. Qe2 e6 7. c3 Be7 8. d4 0-0 9. Na3 cxd4 10. cxd4 Rc8 11. Bg5 h6 12. Bh4 a6 13. e5 Nd5 14. Bxe7 Qxe7 15. Nd2 dxe5 16. dxe5 Qg5 17. Rae1 Nf4 18. Qf3 Nxe5 19. Rxe5 Qxe5 20. Qxb7 Rc5 21. b4 Ne2+ 22. Kh1 Qxh2+ 23. Kxh2 Rh5# 0-1

[Event "Vladimir op-B"]
[Site "Vladimir"]
[Date "2008.08.13"]
[Round "2"]
[White "Milkin, Sergey"]
[Black "Radomsky, Viacheslav G"]
[Result "1-0"]
[WhiteElo "2029"]
[BlackElo "2213"]
[PlyCount "109"]
[EventDate "2008.08.12"]
[EventType "swiss"]
[EventRounds "10"]
[EventCountry "RUS"]
[SourceTitle "CBM 126 Extra"]
[Source "ChessBase"]
[SourceDate "2008.11.05"]
[SourceVersion "1"]
[SourceVersionDate "2008.11.05"]
[SourceQuality "1"]

1. d4 d5 2. c4 c6 3. Nf3 Nf6 4. Nc3 dxc4 5. a4 Bg4 6. Ne5 Bh5 7. g3 e6 8. Bg2 Na6 9. Bg5 Nb4 10. 0-0 h6 11. Bxf6 gxf6 12. Nxc4 f5 13. Qd2 Bg7 14. e3 a5 15. f4 0-0 16. h3 Qe7 17. Na2 Nd5 18. Nc1 Qb4 19. Qxb4 Nxb4 20. Rf2 Rfb8 21. Nb3 b6 22. Ne5 Bxe5 23. dxe5 Rd8 24. Nd4 Rac8 25. Kh2 Nd5 26. Bxd5 Rxd5 27. Rc2 c5 28. Nb5 Rcd8 29. Nd6 Bd1 30. Rf2 Bb3 31. Kg2 Rd3 32. Re2 f6 33. e4 fxe4 34. Nxe4 fxe5 35. fxe5 R8d4 36. Nc3 Rd2 37. Kf2 Bc4 38. Rxd2 Rxd2+ 39. Ke3 Rxb2 40. Ne4 Kg7 41. Rd1 Rb3+ 42. Kf4 Rb4 43. Rd7+ Kg6 44. Ke3 Rxa4 45. g4 Ra3+ 46. Kf4 Be2 47. Nf6 Rxh3 48. Rd6 b5 49. Rxe6 Kf7 50. Ra6 a4 51. Nd5 Bc4 52. e6+ Kg6 53. e7+ Kf7 54. Rf6+ Kg7 55. e8Q 1-0

[Event "Vladimir op-B"]
[Site "Vladimir"]
[Date "2008.08.12"]
[Round "1"]
[White "Radomsky, Viacheslav G"]
[Black "Smirnova, Ekaterina"]
[Result "1-0"]
[WhiteElo "2213"]
[BlackElo "1681"]
[PlyCount "121"]
[EventDate "2008.08.12"]
[EventType "swiss"]
[EventRounds "10"]
[EventCountry "RUS"]
[SourceTitle "CBM 126 Extra"]
[Source "ChessBase"]
[SourceDate "2008.11.05"]
[SourceVersion "1"]
[SourceVersionDate "2008.11.05"]
[SourceQuality "1"]

1. c4 c5 2. g3 Nf6 3. Bg2 Nc6 4. Nc3 e6 5. Nf3 Be7 6. 0-0 0-0 7. d4 d5 8. cxd5 exd5 9. dxc5 Bxc5 10. Bg5 d4 11. Bxf6 Qxf6 12. Nd5 Qd8 13. Nd2 Be6 14. Nf4 Bf5 15. Rc1 Bd6 16. Nd3 Rc8 17. Qa4 Bb8 18. Nc5 Qb6 19. Ndb3 Rfd8 20. Nxb7 Qxb7 21. Bxc6 Qb6 22. Qb5 Qxb5 23. Bxb5 Be5 24. Bd3 Be6 25. Rxc8 Rxc8 26. Rc1 Rxc1+ 27. Nxc1 h6 28. Kf1 Kf8 29. Ke1 Ke7 30. Kd2 Bf6 31. b3 Kd6 32. Be4 Bd8 33. a3 a5 34. Kc2 Bb6 35. Nd3 Bd7 36. Nb2 Bb5 37. Bd3 Bxd3+ 38. Kxd3 Kd5 39. f3 Bc7 40. Nc4 f5 41. b4 axb4 42. axb4 Bd8 43. b5 Bc7 44. e3 dxe3 45. Nxe3+ Ke6 46. Kc4 f4 47. Nd5 Bb8 48. Nxf4+ Kf5 49. Nd5 Ke6 50. Kc5 Kd7 51. Kb6 Kc8 52. Kc6 g5 53. f4 gxf4 54. gxf4 Kd8 55. h3 Kc8 56. b6 h5 57. f5 Kd8 58. Nc7 Bxc7 59. bxc7+ Kc8 60. Kd6 h4 61. f6 1-0

[Event "Centrocoop June op-A"]
[Site "Eforie Nord "]
[Date "1998.??.??"]
[Round "?"]
[White "Radomsky, Viacheslav G"]
[Black "Dobrov, Vladimir"]
[Result "0-1"]
[WhiteElo "2205"]
[BlackElo "2130"]
[PlyCount "26"]
[EventDate "1998.06.??"]
[EventType "swiss"]
[EventRounds "11"]
[EventCountry "ROU"]
[SourceTitle "EXT 2000"]
[Source "ChessBase"]
[SourceDate "1999.11.16"]
[SourceVersion "1"]
[SourceVersionDate "1999.11.16"]
[SourceQuality "1"]

1. d4 Nf6 2. c4 c5 3. d5 b5 4. cxb5 a6 5. b6 e6 6. Nc3 Nxd5 7. Nxd5 exd5 8. Qxd5 Nc6 9. Nf3 Rb8 10. e3 Be7 11. Bc4 0-0 12. 0-0 Rxb6 13. Rd1 Nb4 0-1

[Event "RUS-Cup02"]
[Site "Moscow"]
[Date "1998.??.??"]
[Round "8"]
[White "Radomsky, Viacheslav G"]
[Black "Gorin, Igor"]
[Result "1/2-1/2"]
[WhiteElo "2205"]
[BlackElo "2355"]
[PlyCount "39"]
[EventDate "1998.01.21"]
[EventType "swiss"]
[EventRounds "9"]
[EventCountry "RUS"]
[SourceTitle "EXT 1999"]
[Source "ChessBase"]
[SourceDate "1998.11.16"]
[SourceVersion "1"]
[SourceVersionDate "1998.11.16"]
[SourceQuality "1"]

1. d4 e6 2. c4 f5 3. Nc3 Nf6 4. Nf3 Bb4 5. Qb3 Qe7 6. Bg5 0-0 7. a3 Ba5 8. Qc2 Bxc3+ 9. Qxc3 b6 10. g3 Bb7 11. Bg2 Qe8 12. Bxf6 Rxf6 13. 0-0 d6 14. c5 Bxf3 15. Bxf3 d5 16. cxb6 cxb6 17. Rac1 Nd7 18. Qc6 Rf7 19. Qd6 Rd8 20. Qc6 1/2-1/2